introduction to Organic And Biological Chemistry (Record no. 183344)

000 -LEADER
fixed length control field 01052 a2200169 4500
003 - CONTROL NUMBER IDENTIFIER
control field Nust
005 - DATE AND TIME OF LATEST TRANSACTION
control field 20221011142537.0
040 ## - CATALOGING SOURCE
Transcribing agency Nust
082 ## - DEWEY DECIMAL CLASSIFICATION NUMBER
Classification number 540,BAU
100 ## - MAIN ENTRY--PERSONAL NAME
Personal name Baum ,Stuart J
9 (RLIN) 99912
245 ## - TITLE STATEMENT
Title introduction to Organic And Biological Chemistry
Statement of responsibility, etc. Stuart j Baum
260 ## - PUBLICATION, DISTRIBUTION, ETC.
Place of publication, distribution, etc. London
Name of publisher, distributor, etc. Macmillan co
Date of publication, distribution, etc. 1970
300 ## - PHYSICAL DESCRIPTION
Extent 471:p
505 ## - FORMATTED CONTENTS NOTE
Formatted contents note Introduction To Organic Chemistry (Page-1), The Saturated Hydrocarbons (Page-11), The Unsaturated Hydrocarbons (Page-31), The Aromatic Hydrocarbons (Page-49), Halogen Derivatives Of Hydrocarbons (Page-63), Alcohols And Ethers (Page-73), Aldehydes And Ketones (Page-95), Acids And Esters (Page-127), Amides And Amines (Page-163), Stereoisomerism (Page-187), Carbohydrates (Page-213), Lipids (Page-245), Proteins (Page-271), Enzymes (Page-305), The Nucleic Acids (Page-331), The Conversion Of Light Energy Into Chemical Energy (Page-363), Carbohydrate Metabolism (Page-379), Lipid Metabolism (Page-413), Protein Metabolism (Page-429), The Blood (Page-447).
650 ## - SUBJECT ADDED ENTRY--TOPICAL TERM
Topical term or geographic name entry element Chemistry
942 ## - ADDED ENTRY ELEMENTS (KOHA)
Source of classification or shelving scheme
Koha item type Book
Holdings
Withdrawn status Lost status Source of classification or shelving scheme Damaged status Not for loan Permanent Location Current Location Shelving location Date acquired Full call number Barcode Date last seen Price effective from Koha item type Public note
          Military College of Signals (MCS) Military College of Signals (MCS) General Stacks 12/12/2016 540,BAU MCS5079 12/08/2016 12/12/2016 Book Almirah No.25, Shelf No.1
© 2023 Central Library, National University of Sciences and Technology. All Rights Reserved.